Longman active study dictionary
Đã lưu trong:
| 格式: | 圖書 |
|---|---|
| 語言: | Undetermined |
| 出版: |
England
Longman
2004
|
| 主題: | |
| 標簽: |
添加標簽
沒有標簽, 成為第一個標記此記錄!
|
| Thư viện lưu trữ: | Trung tâm Học liệu Trường Đại học Cần Thơ |
|---|
| LEADER | 00453nam a2200181Ia 4500 | ||
|---|---|---|---|
| 001 | CTU_65450 | ||
| 008 | 210402s9999 xx 000 0 und d | ||
| 020 | |b 180000 | ||
| 082 | |a 423 | ||
| 082 | |b L856 | ||
| 245 | 0 | |a Longman active study dictionary | |
| 260 | |a England | ||
| 260 | |b Longman | ||
| 260 | |c 2004 | ||
| 650 | |a English language | ||
| 650 | |x Dictionaries | ||
| 904 | |i TUYẾN | ||
| 980 | |a Trung tâm Học liệu Trường Đại học Cần Thơ | ||